LEADER 00616nam a2200181 i 4500 001 000000225628 003 CaOOAMICUS 005 20131212000000.0 008 131212n it u000 u ita u 013 $a204530 040 $aSeMil$bita 245 10$a1. 300 $a605 p. :$bill. 773 0 $aLongo, Luigi Emilio$tCampagna italo-etiopica, 1935-1936.$dRoma : Ufficio storico SME, 2005.$w()29248 850 $aSeMil 852 $aSeMil$W1$xVenegono$y1$m3V V 87$j175974$B175974$CSeMilBibl$Z2$F186782 $81 961 $aOmaggio: Grampa dott. Cesare 996 $6245$a1$9(OLS)http://semarc/title/6508 LEADER 00927nam a2200217 i 4500 001 000000191738 003 CaOOAMICUS 005 20161130000000.0 008 161130s1967 it u000 u ita u 013 $a170309 040 $aSeMil$bita 100 1 $aParisciani, Gustavo.$0(OLS)http://semarc/name/69684 245 10$aS. Giuseppe da Copertino /$cGustavo Parisciani. 260 $aOsimo (Ancona) :$bPax et Bonum,$cstampa 1967. 300 $a422 p. :$b[42] p. di tav. ;$c22 cm. 600 04$aGiuseppe : da Copertino .$0(OLS)http://semarc/subject/16682 850 $aSeMil 852 $aSeMil$W1$xVenegono$y1$m3H II 404$j241292$B142346$CSeMilBibl$Z2$F216907 $81 961 $aOmaggio: Grampa dott. Cesare 996 $6245$aS. Giuseppe da Copertino$9(OLS)http://semarc/title/276256 996 $6260$aOsimo (Ancona) :$bPax et Bonum$9(OLS)http://semarc/publisher/50216 LEADER 01053nam a2200217 i 4500 001 000000179646 003 CaOOAMICUS 005 20250828165545.0 008 090519s1981 xxk u000 u mul u 040 $aSeMil$bita 245 10$a20: The athenian constitution ; The Eudemian ethics ; On virtues and vices /$cAristotle ; with an english translation by H. Rackham. 300 $aXII, 505 p. 490 1 $aThe Loeb Classical Library ;$v285 700 1 $aRackham, Harris,$d<1868-1944>.$0(OLS)http://semarc/name/17994 773 0 $aAristoteles <384-322 a.C.>$tAristotle.$dCambridge, Massachusetts : Harvard University Press ; London : Heinemann, 1980-$g20$w()21258 830 4$aThe Loeb Classical Library ;$v285.$0(OLS)http://semarc/title/26868 850 $aSeMil 852 $aSeMil$W1$xVenegono$y1$m1Y II 24$j261055$B130408$CSeMilBibl$Z2$F141858 $81 961 $aOmaggio: Villa don Cesare 996 $6245$a20: The athenian constitution ; The Eudemian ethics ; On virtues and vices$9(OLS)http://semarc/title/257938